| 000 | 00426nam a22001577a 4500 | ||
|---|---|---|---|
| 020 | _a9780521165761 | ||
| 082 | _a003.54 RIC | ||
| 100 | _aRichardson, Tom | ||
| 245 | _aModern coding theory | ||
| 260 |
_aNew Delhi, India _bCambridge University Press _c2008 |
||
| 300 |
_axvi, 572 p. _bill. ; |
||
| 500 | _aIncludes bibliographical references and index. | ||
| 650 | _aCoding theory | ||
| 700 | _aRudiger Urbanke | ||
| 942 | _cBK | ||
| 999 |
_c12434 _d12434 |
||